000 00587nam a22001457a 4500
020 _a978-1-4424-0258-4
082 _a823
_bDIX/H
100 _aDIXON, FRANKLIN W
245 _aTHE HARDY BOYS - MOVIE MENACE
260 _aNEW YORK
_bALADDIN PAPERBACKS
_c2011
300 _a165
520 _aFrank and Joe Hardy are assigned to pose as extras on the set of the an upcoming teen movie, Deathstalker. The star, an ingenue named Anya, believes that someone is out to get her--and she's got proof. Someone tried to burn down her trailer!
650 _aMYSTERY STORY
_zUNITED STATES
942 _cBK
999 _c7789
_d7789